Instituciones de derecho privado
Saved in:
| Main Authors: | , |
|---|---|
| Format: | Bog |
| Sprog: | spansk |
| Udgivet: |
Buenos Aires, Argentina
EUDEBA
1985
|
| Serier: | Biblioteca del Ciclo Básico
|
| Fag: | |
| Tags: |
Tilføj Tag
Ingen Tags, Vær først til at tagge denne postø!
|
MARC
| LEADER | 00000nam a2200000 a 4500 | ||
|---|---|---|---|
| 001 | UCV0060 | ||
| 003 | CL-VaPUC | ||
| 005 | 20200727134717.0 | ||
| 008 | 871113e19850000ag |||||||||||||||||spa|d | ||
| 999 | |c 208827 |d 208825 | ||
| 020 | |a 9502302168 | ||
| 040 | |c Pontificia Universidad Católica de Valparaíso | ||
| 082 | 0 | 4 | |a 346 PRA 1985 |b |2 21 |
| 100 | |a Prado Garrido, Juan José |e author |9 569272 | ||
| 245 | 1 | 0 | |a Instituciones de derecho privado |
| 260 | |a Buenos Aires, Argentina |b EUDEBA |c 1985 | ||
| 300 | |a 223 páginas | ||
| 440 | |a Biblioteca del Ciclo Básico |9 856834 | ||
| 505 | |a Apéndice: Inmunidades de la abogacía | ||
| 583 | |a last modification |c 20190731 01:31:59 |k Rodrigo Vera | ||
| 650 | 7 | |a DERECHO |2 CL-VaPUC |9 294792 |z ARGENTINA | |
| 700 | |a García Martinez, Roberto |e author |9 569273 | ||
| 852 | |a BIBDER | ||
| 942 | |c BK |2 ddc | ||
| 945 | |d 19871113 00:00:00 | ||
| 952 | |0 0 |1 0 |4 0 |6 346_000000000000000_PRA_1985 |7 0 |8 A |9 183762 |a BIBDER |b BIBDER |d 2019-11-14 |i 2500841 |o 346 PRA 1985 |p 2500841 |r 2023-01-25 |w 2019-11-14 |y BK |k DER | ||